Literatura europea moderna /

Wolfgang Vogt (1945), nació en Alemania y vive desde 1976 en Guadalajara, donde trabaja como profesor en la Universidad de Guadalajara. Es autor y compilador de varios libros de crítica e investigación literaria, entre los cuales figura Historia de la literatura jalisciense; Literatura europea moder...

Whakaahuatanga katoa

I tiakina i:
Ngā taipitopito rārangi puna kōrero
Kaituhi matua: Vogt, Wolfgang (autor)
Hōputu: Pukapuka
Reo:Pāniora
I whakaputaina: Guadalajara, México : Gobierno del Estado de Jalisco, Secretaría de Cultura, 1998, c1998
Rangatū:(Hojas Literarias. Ensayo ; 9, 10, 11)
Ngā marau:
Ngā Tūtohu: Tāpirihia he Tūtohu
Kāore He Tūtohu, Me noho koe te mea tuatahi ki te tūtohu i tēnei pūkete!

MARC

LEADER 00000nam^a2200000^a^4500
001 000140054
005 20250521000000.0
009 20260310095525.842
020 |a 970-624-128-0 
037 |a Acervo ITESO - Biblioteca 
041 |a ESP 
082 |a 809. 304  |b VOG 
100 |a Vogt, Wolfgang  |e (autor) 
245 1 0 |a Literatura europea moderna /  |c W. Vogt. 
264 4 |a Guadalajara, México :  |b Gobierno del Estado de Jalisco, Secretaría de Cultura,  |c 1998, c1998 
300 |a 159 p. 
336 |a texto  |b txt  |2 rdacontenido 
337 |a sin mediación  |b n  |2 rdamedio 
338 |a volumen  |b nc  |2 rdasoporte 
440 1 |a (Hojas Literarias.  |p Ensayo ;  |v 9, 10, 11) 
520 |a Wolfgang Vogt (1945), nació en Alemania y vive desde 1976 en Guadalajara, donde trabaja como profesor en la Universidad de Guadalajara. Es autor y compilador de varios libros de crítica e investigación literaria, entre los cuales figura Historia de la literatura jalisciense; Literatura europea moderna; Juan Rulfo y el sur de Jalisco; Jalisco desde la Revolución: literatura y prensa, 1910-1940; y Guadalajara en la narrativa mexicana, entre otros. Dentro de la creación literaria ha publicado Posguerra (2002) y Entreguerras (2003). 
520 |a Ensayos que presentan las tendencias estéticas de la narrativa europea sel siglo XX y las relaciones de las expresiones de vanguardia con las innovaciones que caracterizaron a la literatura de Europa durante este período. 
649 |a XX 
650 |a Literatura Europea -  |x Historia y Crítica -  |x Tema Principal 
650 |a Literatura Europea -  |y Siglo XX 
650 |a Artículos Periodísticos Mexicanos 
650 |a Ensayos Mexicanos 
650 |a Literatura Mexicana -  |y Siglo XX 
910 |a Fondo General 
920 |a Impresos - Libros 
930 |a Colección General 
940 |a Literatura 
905 |a 101 
901 |a 0500068405  |b IT1  |c LIT  |u 20250521 
902 |a https://opac.biblio.iteso.mx/vufind/Record/000140054